Spôsob midifikácie termoplastických polymérov,.C 08F 8/00

Bibliographic Details
Main Author: Auda, Richard Stephen (Author)
Format: Book
Language:Undetermined
PhysicalDescription:17 s.
Published: Banská Bystrica Úrad priemyselného vlastníctva SR 2000

MARC

LEADER 00000nam a2200000 a 4500
001 vtls001408616
003 SK-MaSNL
005 20260301202141.0
008 240314sm y0 xo 0 und
035 |a SNK000363290 
040 |a SNK  |b slo  |c SNK  |e AACR2 
044 |a xo  |c SK 
100 1 |a Auda, Richard Stephen  |4 aut  |9 583743 
245 1 0 |a Spôsob midifikácie termoplastických polymérov,.C 08F 8/00 
260 |a Banská Bystrica  |b Úrad priemyselného vlastníctva SR  |c 2000 
300 |a 17 s. 
999 |c 897724  |d 899654 
952 |t P60, <04>, [BOOK], {604}  |a SNK  |b SNK  |y VYP  |7 0  |p 17A0292845  |o snkSK 280632  |i snkPS 327/2001  |0 0  |1 0  |4 0  |d 2001-02-28  |l 0  |r 2005-01-02 00:00:00  |w 2026-02-24